000 00321nam a22001337a 4500
020 _a0-340-81759-3
082 _a823
_bRAY/D
100 _aRAYNER, SHOO
245 _aDAK CLAW
260 _aBRITAIN
_bHODDER CHILDREN'S BOOKS
_c2002
300 _a61
520 _aBATTLE BETWEEN KAT AND MUSS IS ABOUT TO BEGIN,
942 _cBK
999 _c6347
_d6347